Déscription abrégée de l'Hôpital royal de la marine à Greenwich : Extraite de la relation historique, publiée par Messieurs les chapelains, et traduite par Madame W. Charron.

Bibliographic Details
Main Authors: Cooke, John, 1738-1823, Maule, John, 1748-1825 (Author)
Format: eBook
Language:French
Published: [London?] : cette description ne se vend qu'à l'Hôpital, [1789?]
Series:Eighteenth century collections online.
Online Access:Full text online

MARC

Tag First Indicator Second Indicator Subfields
LEADER 00000cam a2200000 4500
001 in00001868521
006 m | d |
007 cr |n||||||||n
008 870914s1789 enk|||| s 00||||fre d
005 20260407220948.8
035 |a (CStRLIN)ESTCN28872 
040 |a Cu-RivES  |c Cu-RivES  |d Uk-ES  |d CStRLIN  |d Thomson Gale  |d UtOrBLW 
100 1 |a Cooke, John,  |d 1738-1823. 
240 1 0 |a Historical account of the Royal Hospital for Seamen at Greenwich.  |k Selections.  |l French 
245 1 0 |a Déscription abrégée de l'Hôpital royal de la marine à Greenwich :  |b Extraite de la relation historique, publiée par Messieurs les chapelains, et traduite par Madame W. Charron. 
264 1 |a [London?] :  |b cette description ne se vend qu'à l'Hôpital,  |c [1789?] 
300 |a 4 unnumbered pages, 40p., table ;  |c 8⁰. 
336 |a text  |b txt  |2 rdacontent 
337 |a computer  |b c  |2 rdamedia 
338 |a online resource  |b cr  |2 rdacarrier 
500 |a Messieurs les chapelains = John Cooke and John Maule. 
500 |a With a half-title. 
500 |a Reproduction of original from the Bodleian Library (Oxford). 
510 4 |a English Short Title Catalog,  |c ESTCN28872. 
533 |a Electronic reproduction.  |b Farmington Hills, Mich. :  |c Thomson Gale,  |d 2003.  |n Available via the World Wide Web.  |n Access limited by licensing agreements  |7 s2003 miunns 
500 |a Electronic resource. 
700 1 |a Maule, John,  |d 1748-1825,  |e author. 
830 0 |a Eighteenth century collections online. 
856 4 0 |u http://proxy.library.tamu.edu/login?url=https://galenet.galegroup.com/servlet/ECCO?c=1&stp=Author&ste=11&af=BN&ae=N028872&tiPG=1&dd=0&dc=flc&docNum=CW105967379&vrsn=1.0&srchtp=a&d4=0.33&n=10&SU=0LRL+OR+0LRI&locID=txshracd2898  |z Full text online  |t 0 
999 |a MARS 
999 f f |s 923e3a58-d796-336b-af15-9e23be03e593  |i 6246679a-d91a-3f10-8501-3ed6288a9e2d  |t 0 
952 f f |a Texas A&M University  |b College Station  |c Electronic Resources  |s www_evans  |d Available Online  |t 0  |h No information provided 
998 f f |t 0  |l Available Online